Cliquez sur la bonne traduction en espagnol - Les moyens de transport - Statistiques

Statistiques générales
  • Ce quiz a été pris 354 fois
  • Le résultat moyen est 20 sur 24
Statistiques - réponses
Hint Réponse % Correct
Avion Avión
95%
Train Tren
95%
Bicyclette Bicicleta
94%
Camion Camión
94%
Conducteur Conductor
94%
Moto Moto
94%
Autoroute Autopista
92%
Port Puerto
92%
Marin Marinero
91%
Moteur Motor
91%
Wagon Vagón
91%
Voiture Coche
89%
Péage Peaje
89%
Vol Vuelo
89%
Frein Freno
86%
Essence Gasolina
85%
Bateau Barco
84%
Rue Calle
84%
Capot Capó
83%
Roue Rueda
80%
Virage Curva
71%
Péniche Barcaza
45%
Coffre Maletero
31%
Route Carretera
27%
Aucun quiz correspondant
Distribution des résultats
% des personnes avec chaque résultat
Percentile par nombre de réponses
Votre historique - résultats
Vous n’avez pas pris ce quiz